Жива традиция (Запис номер 149460)
[ съкратено ]
| 000 -Лидер | |
|---|---|
| Контролно поле с фиксирана дължина | 02015nam a2200505 c 4500 |
| 003 - Код на организацията, давaща контролен номер | |
| Контролно поле | BLK |
| 005 - Дата и час на последна редакция | |
| Контролно поле | 20250716152035.0 |
| 008 - Елементи от данни с фиксирана дължина | |
| fixed length control field | 180410b bul|||||r ||||||| ||bul|| |
| 010 ## - Наследен системен номер | |
| LC control number | KNG00155722000 |
| 020 ## - Международен стандартен номер на книга ISBN | |
| Международен стандартен номер на книга ISBN | 978-954-337-205-8 |
| 040 ## - Източник на каталожния запис | |
| Идентификатор на билиотеката - собственик на записа | BLK |
| 041 ## - Код за език | |
| Код за езика на текст/звукозапис или на отделно заглавие | Български |
| Код за езика КДБФ | Български |
| 072 #7 - Код за тематичната категория | |
| Код организация | bullib |
| Код за тематична категория | Н37 |
| Текст | Образование. Педагогика Н |
| 072 #7 - Код за тематичната категория | |
| Код организация | bullib |
| Код за тематична категория | К |
| Текст | Краезнание |
| 080 ## - УДК | |
| Текстов определител УДК | Единни училища. Единно средно политехническо училище. Политехническа гимназия |
| УДК код - определител по УДК | 373.552 |
| УДК определител | (497.215)(091) |
| УДК - код + определител | 373.552(497.215)(091) |
| 100 ## - Редна дума - Автор | |
| Автор | Ганчев, Румян Стоилов |
| R(LIN) | 273663 |
| 139 ## - Редно поле | |
| Редна дума | Ганчев, Румян Стоилов и др. |
| Авторски знак | Ганч - Г 22 |
| 245 10 - Сведения за заглавието | |
| Заглавие | Жива традиция |
| Подзаглавни данни | Т. 1 - |
| Редно поле (дума) | Румян Стоилов Ганчев; съавт. Ренета Рошкева. |
| Том | Т. 1 |
| Заглавие на том | Мъжката гимназия |
| 257 ## - Страна на издаване | |
| Страна на създаване/издаване | България |
| 260 ## - Област на издателските данни | |
| Година на издаване | 2013 - |
| 300 ## - Физическа характеристика | |
| Размери/Мащаб | 23 см |
| 380 ## - Жанр | |
| Жанр | Обществени науки |
| 650 #4 - Допълнително описание по предмет – тема | |
| Основно описание – тема или топоним | Средни училища - България - Русе |
| 9 (RLIN) | 279831 |
| 650 #0 - Допълнително описание по предмет – тема | |
| Основно описание – тема или топоним | България - история |
| 9 (RLIN) | 244493 |
| 651 #4 - Допълнително описание по предмет - топоним | |
| Географско понятие | Русе |
| 9 (RLIN) | 179462 |
| 651 #4 - Допълнително описание по предмет - топоним | |
| Географско понятие | България |
| 9 (RLIN) | 241624 |
| 653 ## - Ключова дума – ненормативна | |
| Ключова дума | средни училища |
| 653 ## - Ключова дума – ненормативна | |
| Ключова дума | гимназии |
| 653 ## - Ключова дума – ненормативна | |
| Ключова дума | СУ "Христо Ботев" |
| 653 ## - Ключова дума – ненормативна | |
| Ключова дума | история |
| 659 ## - Тематичен бюлетин | |
| Тематичен бюлетин | К |
| 659 ## - Тематичен бюлетин | |
| Тематичен бюлетин | Н |
| 700 1# - Други автори (авторска отговорност) | |
| Лично име | Рошкева, Ренета |
| Автороска отговорност (Описва отношението между автора и произведението) | съавт. |
| 9 (RLIN) | 330506 |
| 760 1# - Описание на основната серия | |
| Редна дума на основното описание | Ганчев, Румян Стоилов |
| Място на издаване, издател и година | Авангард принт, 2013 |
| Страници - том | 360 с. : със сн., факс. |
| Забележка - том | Съдържа и за авт. - Библиогр. с. 352-357. |
| Заглавие | Т. 1 Мъжката гимназия |
| 852 ## - Местоположение | |
| Форматна сигнатура | Цб 267852 |
| 852 ## - Местоположение | |
| Форматна сигнатура | К 373.5/Г 22 Р |
| 856 4# - Електронен адрес и достъп | |
| Електронен формат | pdf - файл |
| 856 4# - Електронен адрес и достъп | |
| Електронен формат | pdf - файл |
| 999 ## - СИСТЕМНИ КОНТРОЛНИ НОМЕРА | |
| Koha biblionumber | 149460 |
| Koha biblioitemnumber | 149460 |
| 942 ## - АРТИКУЛИ | |
| Вид на библиотечния материал | Книги |
| Скрит в OPAC | Не |
| Koha issues (borrowed), all copies | 18 |
| Периодичен библиозапис | Да |
| 944 ## - СЪЗДАВАНЕ И РЕДАКЦИЯ на ЗАПИСА | |
| Създаване/Редакция | Създаване |
| Дата на регистрацията/редакция | 17.01.2014 |
| Статус, дата на статуса | Христина Везирева |
| Служител, извършил регистрацията/редакцията | 30535 |
| 944 ## - СЪЗДАВАНЕ И РЕДАКЦИЯ на ЗАПИСА | |
| Създаване/Редакция | Редакция |
| Дата на регистрацията/редакция | 06.03.2015 |
| Статус, дата на статуса | ф / |
| Служител, извършил регистрацията/редакцията | Валя_Йорданова |
| 999 ## - СИСТЕМНИ КОНТРОЛНИ НОМЕРА | |
| Koha biblioitemnumber | 149460 |
| 999 ## - СИСТЕМНИ КОНТРОЛНИ НОМЕРА | |
| Koha biblioitemnumber | 149460 |
| 999 ## - СИСТЕМНИ КОНТРОЛНИ НОМЕРА | |
| Koha biblioitemnumber | 149460 |
| Код за отписване | Код за изгубен артикул | Код за повреда | Коз за рестрикции | Код за отдаване | Артикулен № | Име на библиотеката - собственик | Име на библиотеката, в която се намира в момента | Статус (Текущо местоположение) | Дата на вписване в системата | Местоположение - отдел | Цена в лева | Инвентарен номер | Систематично азбучна сигнатура | Баркод | Номер на екземпляра | Цена в евро | Служебна бележка | Служебен тип на артикула | Източник на класификационната схема |
|---|---|---|---|---|---|---|---|---|---|---|---|---|---|---|---|---|---|---|---|
| Не е изгубен | Не е повреден | без рестрикции | ползва се в читалня | 249623 | Регионална библиотека "Любен Каравелов" Русе | Регионална библиотека "Любен Каравелов" Русе | Хранилище | 2014-01-17 | Основен фонд - ползва се само за читалня | 30.00 | 120000773330 | Цб 267852 | 120000773330 | 1 | 15.34 | Дост: DA Вид: А N: 2 Дата: 17.01.2014 | Книги | ||
| Не е изгубен | Не е повреден | без рестрикции | ползва се в читалня | 249624 | Регионална библиотека "Любен Каравелов" Русе | Регионална библиотека "Любен Каравелов" Русе | Краезнание | 2014-01-17 | Краезнание | 30.00 | 120000773331 | К 373.5/Г 22 Р | 120000773331 | 2 | 15.34 | Дост: DA Вид: А N: 2 Дата: 17.01.2014 Дата инв: 09.11.2017 Бележки инв: К2017 | Книги | Universal Decimal Classification | |
| Не е изгубен | Не е повреден | само за читалня | ползва се в читалня | 249625 | Регионална библиотека "Любен Каравелов" Русе | Регионална библиотека "Любен Каравелов" Русе | Читалня | 2014-01-17 | Читалня | 30.00 | 120000773332 | Ч 373/Г 22 | 120000773332 | 3 | 15.34 | Дост: DA Вид: А N: 2 Дата: 17.01.2014 Дата инв: 29.03.2017 Бележки инв: Ч2017 | Книги | Universal Decimal Classification | |
| Не е изгубен | Не е повреден | без рестрикции | заемане за дома | 730890 | Регионална библиотека "Любен Каравелов" Русе | Регионална библиотека "Любен Каравелов" Русе | Заемна - подръчен фонд | 2019-07-18 | Заемна - подръчен фонд | 12.00 | П 373.5/Г 22 | 120000834524 | 6.14 | Книги | Universal Decimal Classification |